000
00341 a2200157 4500
260
_a
Paris
260
_b
Masson
250
_a
2ème éd.
245
_a
Nutrition et alimentation
100
_a
Jacotot, B.
700
_a
Leparco, J. C.
260
_c
1992
300
_a
311 p.
999
_c
18114
_d
18114